00485nam a2200193 a 4500001001300000003000900013005001700022008004100039020000900080082001600089100002500105245003300130260003500163300000900198500003500207505000600242650001800248700002500266nice12345678IN_TiNIC20260116012500.0050524s1974 laha grp 000 0 eng  ac1000a297.52bHAM aHamidi, Khalil Ahmad aHand Book of Islamic Prayers aLahore bIslamic Pub Ltdc1974 a108p aincludes index and biblioraphy2 a  aIslam-Prayers1 aHamidi, Khalil Ahmad